| 000 | 00907cam a2200265 a 4500 | ||
|---|---|---|---|
| 001 | 000019512 | ||
| 005 | 20200929170036.0 | ||
| 008 | 880808s1966 sp 001 f spa d | ||
| 040 |
_aDO-SdBNP _bspa _cDLC _dBNPHU |
||
| 082 |
_a863.6 _bG633n |
||
| 100 | 1 |
_aGómez de la Serna, Ramón, _d1888-1963 _914278 |
|
| 245 | 1 | 0 |
_aNostalgias de Madrid / _cRamón Gómez de la Serna. |
| 260 |
_aMadrid : _bEspasa-Calpe, _c1966. |
||
| 300 |
_a261, [18] p. ; _c18 cm. |
||
| 490 | 1 |
_aAustral. Azul: novelas y cuentos en general _v1380 |
|
| 500 | _aIncluye índice de autores | ||
| 650 | 4 |
_aNovela española _91123 |
|
| 650 | 4 |
_aLiteratura española _9632 |
|
| 651 | 4 |
_aMadrid _xDescripciones Y Viajes _941879 |
|
| 651 | 4 |
_aMadrid _xVida Social Y Costumbres _941880 |
|
| 830 | 0 |
_aAustral. _pAzul: novelas y cuentos en general, _v1380 _922386 |
|
| 910 | _aCatalogación derivada /Oxford | ||
| 910 | _aWM | ||
| 049 | _aBNGR | ||
| 999 |
_c19028 _d19028 |
||